Futbolistas del Atleti con Simeone - Estadísticas

Estadísticas generales
  • Esta prueba ha sido intentada 867 veces
    42 desde el último reinicio
  • La puntuación promedio es 56 de 163
Estadísticas de respuestas
Jugador % Correcto
Alexander Sørloth
95%
Antoine Griezmann
95%
Giménez
95%
Jan Oblak
95%
Koke
95%
Marcos Llorente
95%
Miguel Llorente
95%
Fernando Torres
89%
Giuliano Simeone
89%
Juan Musso
89%
Luis Suárez
89%
Courtois
84%
Diego Godín
84%
Gabi
84%
Julián Álvarez
84%
Nahuel Molina
84%
Óliver Torres
84%
Saúl
84%
Ángel Correa
79%
Carrasco
79%
Diego Costa
79%
Hancko
79%
Pablo Barrios
79%
Álvaro Morata
74%
Filipe Luis
74%
Lenglet
74%
Marc Pubill
74%
Álex Baena
68%
Joao Felix
68%
Juanfran
68%
Le Normand
68%
Moyá
68%
Rodri
68%
Toni Moya
68%
Ademola Lookman
63%
Arda Turan
63%
David Villa
63%
Falcao
63%
Mario Hermoso
63%
Mario Suárez
63%
Miranda
63%
Nico González
63%
Ruggeri
63%
Stefan Savic
58%
Adán
53%
Kieran Trippier
53%
Lucas Hernández
53%
Raúl García
53%
Reinildo
53%
Rodrigo Riquelme
53%
Tiago
53%
Cebolla Rodríguez
47%
Thiago Almada
47%
Thomas Lemar
47%
Vitolo
47%
Axel Witsel
42%
Gallagher
42%
Javi Galán
42%
Johnny Cardoso
42%
Obed Vargas
42%
Rodrigo de Paul
42%
Samuel Lino
42%
Adrián
37%
Augusto Fernández
37%
Felipe
37%
Héctor Hernández
37%
Rodrigo Mendoza
37%
Vietto
37%
Héctor Herrera
32%
Julio Díaz
32%
Adrián Niño
26%
Azpilicueta
26%
Cerci
26%
Jackson Martínez
26%
Kévin Gameiro
26%
Mario Mandzukic
26%
Memphis Depay
26%
Moussa Dembélé
26%
Raspadori
26%
Raúl Jiménez
26%
Reguilón
26%
Thomas Partey
26%
Vrsaljko
26%
Alderweireld
21%
Álvaro Domínguez
21%
Cata Díaz
21%
Diego Ribas
21%
Gaitán
21%
Kondogbia
21%
Luis Armando Perea
21%
Manu Sánchez
21%
Santiago Arias
21%
Sergi González
21%
Sergio Asenjo
21%
Vermeeren
21%
Alberto Moreno
16%
Axel Werner
16%
Carlos Martín
16%
Iván Pérez
16%
Ivo Grbic
16%
Jorge Pulido
16%
Matheus Cunha
16%
Montero
16%
Pedro Martín
16%
Renan Lodi
16%
Soyuncu
16%
Aranzubia
11%
Assunçao
11%
Borja Garcés
11%
Cani
11%
Daniel Martínez
11%
Daniel Wass
11%
Domingo Cisma
11%
Gabriel Paulista
11%
Gelson Martins
11%
Ilias Kostis
11%
Javier Boñar
11%
Javier Morcillo
11%
Jesús Gámez
11%
José Sosa
11%
Kranevitter
11%
Roberto Núñez
11%
Salvio
11%
Sergio Camello
11%
Víctor Mollejo
11%
Andrés Solano
5%
Ansaldi
5%
Caio Henrique
5%
Doherty
5%
Gomis
5%
Guilavogui
5%
Iker Luque
5%
Javi Serrano
5%
Kalinic
5%
Lucas Torreira
5%
Olabe
5%
Pizzi
5%
Rayane Belaid
5%
Sílvio
5%
Siqueira
5%
Aleksa Puric
0%
Belozoglu
0%
Carlos Isaac
0%
Carlos Ramos
0%
Fran Mérida
0%
Insúa
0%
Jano Monserrate
0%
Joaquín Muñoz
0%
Keidi Bare
0%
Léo Baptistao
0%
Manquillo
0%
Mario Soriano
0%
Miguel Sán Román
0%
Monsalve
0%
Montoro
0%
Óscar Clemente
0%
Oueslati
0%
Poveda
0%
Ricard
0%
Salim El Jebari
0%
Sanabria
0%
Saponjic
0%
Taufik Seidu
0%
No se encontraron pruebas coincidentes
Distribución de puntuación
Porcentaje de gente con cada puntuación
Porcentaje por número respondido
Historial de tus puntuaciones
No has intentado esta prueba desde el último reinicio